000 00510cam a22001934a 4500
005 20250605164345.0
008 250528s ||||||||||||||||||||||||d
035 _a23821
020 _a9780203850893 - 415566584
040 _aGR-AtMCL
_bgre
_dGR-AtMCL
_eAACR2
245 1 _aBringing the Reggio approach to your early years practice
250 _a2
260 _aUk
_bRouledge,
_c2010
700 1 _aBrunton Pat
_98719
700 1 _aThorton Linda
_98720
942 _cBK
999 _c8750
_d8750